| 000 | 00595pam a2200217 a 4500 | ||
|---|---|---|---|
| 001 | 2422203 | ||
| 005 | 20180202081349.0 | ||
| 008 | 870831s1988 maua b 001 0 eng | ||
| 010 | _a 87019591 | ||
| 020 | _a0205111742 | ||
| 040 |
_aDLC _cDLC _dDLC |
||
| 041 | _aeng | ||
| 080 | _a428.42 EKW | ||
| 082 | 0 | 0 |
_a428.42 EKW _219 |
| 100 | 1 | _a47 | |
| 101 | _aEDU | ||
| 245 | 1 | 0 |
_aDiagnosis and remediation of the disabled reader / _cEldon E. Ekwall, James L. Shanker. |
| 504 | _aIncludes bibliographies and index. | ||
| 906 |
_a7 _bcbc _corignew _d1 _eocip _f19 _gy-gencatlg |
||
| 942 |
_2ddc _cBK |
||
| 999 |
_c41679 _d41679 |
||